Vzdelávanie za bránami detstva

Informácie k problematike vzdelávania pracovníkov ako centrálnej otázky riadenia ľudských zdrojov. Informácie z legislatívy. Niekoľko pojmov, súvisiacich so vzdelávaním pracovníkov. Zácvik na pracovnú pozíciu. Orientačný plán zácviku pre orientačno-organizačné činnosti. Ďalšie vzdelávanie pracovníko...

ver descrição completa

Na minha lista:
Detalhes bibliográficos
Autor principal: Repková, Kvetoslava
Formato: Capítulo de Livro
Idioma:eslovaco
Assuntos:
Tags: Adicionar Tag
Sem tags, seja o primeiro a adicionar uma tag!

MARC

LEADER 00000naa a2200000 4500
001 r033242
005 20230926072828.5
041 0 |a slo 
044 |a SK 
245 1 0 |a Vzdelávanie za bránami detstva  |c Kvetoslava Repková 
520 |a Informácie k problematike vzdelávania pracovníkov ako centrálnej otázky riadenia ľudských zdrojov. Informácie z legislatívy. Niekoľko pojmov, súvisiacich so vzdelávaním pracovníkov. Zácvik na pracovnú pozíciu. Orientačný plán zácviku pre orientačno-organizačné činnosti. Ďalšie vzdelávanie pracovníkov. Prehľad metód (foriem) výcviku. Rozvoj (profesionalizácia) pracovníkov. Úloha manažérov vo vzdelávaní a rozvoji pracovníkov. 
610 2 0 |a vzdelávanie 
610 2 0 |a vzdelávanie ďalšie 
610 2 0 |a zácvik 
610 2 0 |a rozvoj pracovníkov 
610 2 0 |a príprava odborná 
610 2 0 |a výcvik 
610 2 0 |a zdroje ľudské 
610 2 0 |a riadenie 
100 1 |a Repková, Kvetoslava